Normal view
MARC view
Entry Topical Term
001 - CONTROL NUMBER
- control field: 159555
003 - CONTROL NUMBER IDENTIFIER
- control field: OSt
005 - DATE AND TIME OF LATEST TRANSACTION
- control field: 20220923211212.0
008 - FIXED-LENGTH DATA ELEMENTS
- fixed length control field: 220923|| aca||aabn | a|a d
040 ## - CATALOGING SOURCE
- Original cataloging agency: OSt
- Transcribing agency: OSt
150 ## - HEADING--TOPICAL TERM
- Topical term or geographic name entry element: विश्व-इतिहास
670 ## - SOURCE DATA FOUND
- Source citation: Work cat.: (OSt)296769: बंद्योपाध्याय, शेखर; नरेश, 'नदीम' 159554, पलासी से विभाजन तक, 2009
